Những phương pháp xây dựng công trình trên nền đất yếu

Những đặc điểm của đất yếu và nền đất yếu miền Bắc Việt Nam. Các biện pháp kết cấu để xử lý nền đất yếu. Các phương pháp làm tăng độ chặt của nần đất yếu. Các phương pháp xử lý nền đất, nền đá bằng hoá lý...

全面介紹

Đã lưu trong:
書目詳細資料
格式: 圖書
語言:Undetermined
出版: Hà Nội Xây Dựng 1997
主題:
標簽: 添加標簽
沒有標簽, 成為第一個標記此記錄!
Thư viện lưu trữ: Trung tâm Học liệu Trường Đại học Cần Thơ
LEADER 00957nam a2200193Ia 4500
001 CTU_21966
008 210402s9999 xx 000 0 und d
020 |c 52000 
082 |a 624.15 
082 |b Nh556 
245 0 |a Những phương pháp xây dựng công trình trên nền đất yếu 
245 0 |c Hoàng Văn Tân [et al.] 
260 |a Hà Nội 
260 |b Xây Dựng 
260 |c 1997 
520 |a Những đặc điểm của đất yếu và nền đất yếu miền Bắc Việt Nam. Các biện pháp kết cấu để xử lý nền đất yếu. Các phương pháp làm tăng độ chặt của nần đất yếu. Các phương pháp xử lý nền đất, nền đá bằng hoá lý 
650 |a Building,Civil engineering,Foundation 
904 |i Trọng Hiếu 
980 |a Trung tâm Học liệu Trường Đại học Cần Thơ